Con người của tương lai : Những mẫu chuyện về C. E. Siolkosky

Enregistré dans:
Détails bibliographiques
Auteur principal: Antaisky, K.
Format: Livre
Langue:Undetermined
Publié: Hà Nội Thanh Niên 2000
Sujets:
Tags: Ajouter un tag
Pas de tags, Soyez le premier à ajouter un tag!
Thư viện lưu trữ: Trung tâm Học liệu Trường Đại học Cần Thơ
LEADER 00687nam a2200229Ia 4500
001 CTU_41758
008 210402s9999 xx 000 0 und d
020 |c 33000 
082 |a 891.7 
082 |b A627 
100 |a Antaisky, K. 
245 0 |a Con người của tương lai : 
245 0 |b Những mẫu chuyện về C. E. Siolkosky 
245 0 |c K. Antaisky ; Dương Đức Niệm (dịch) 
260 |a Hà Nội 
260 |b Thanh Niên 
260 |c 2000 
650 |a Văn học Nga,Russian literature 
650 |x 20th century 
650 |y Thế kỷ 20 
904 |i Minh, 010607 
980 |a Trung tâm Học liệu Trường Đại học Cần Thơ